000 00714nam a2200289Ia 4500
005 20260324145851.0
008 008 260324s9999 xx 000 0 eng d
020 _a9781315870748
037 _aEBOOK
040 _aCRL
040 _beng
040 _cCRL
041 _2eng
041 _aeng
084 _qCRL
100 _aPeter Bailey
_91224464
245 0 _aLeisure and Class in Victorian England
245 0 _bRational recreation and the contest for control, 1830-1885
260 _bTaylor and Francis
260 _c1978
365 _a
365 _b300
856 _uhttp://www.taylorfrancis.com/books/9781315870748
942 _cEBOOK
999 _c1832982
_d1832982